都道府県のマスコット - Statistics

General Stats
  • This quiz has been taken 99 times
  • The average score is 4 of 48
Answer Stats
都道府県 解答 % Correct
千葉県 チーバくん
61%
熊本県 くまモン
60%
群馬県 ぐんまちゃん
34%
奈良県 せんとくん
34%
埼玉県 コバトン
20%
長野県 アルクマ
16%
愛媛県 みきゃん
16%
長崎県① がんばくん
12%
長崎県② らんばちゃん
12%
宮城県 むすび丸
7%
山形県 きてけろくん
7%
岩手県 わんこきょうだい
6%
福島県 キビタン
6%
石川県 ひゃくまんさん
6%
大阪府 もずやん
5%
兵庫県 はばタン
5%
島根県 しまねっこ
5%
栃木県 とちまるくん
4%
京都府 まゆまろ
4%
鳥取県 トリピー
4%
北海道 どこでもユキちゃん
2%
青森県 いくべぇ
2%
秋田県 んだッチ
2%
茨城県 ねば〜る君
2%
富山県 きときと君
2%
岐阜県 ミナモ
2%
高知県 くろしおくん
2%
大分県 めじろん
2%
宮崎県 みやざき犬
2%
鹿児島県 ぐりぶー
2%
新潟県 トッキッキ
1%
静岡県 ふじっぴー
1%
滋賀県② キャッフィー
1%
岡山県① ももっち
1%
徳島県 すだちくん
1%
神奈川県 かながわキンタロウ
0%
山梨県 武田菱丸
0%
三重県 兎の助
0%
滋賀県① うぉーたん
0%
和歌山県 わかぱん
0%
岡山県② チュッピー
0%
広島県 ひろしま清盛
0%
山口県 ちょるる
0%
香川県 親切な青鬼くん
0%
福岡県 エコトン
0%
佐賀県 壺侍
0%
沖縄県 花笠マハエ
0%
福井県 Juratic
0%
No matching quizzes found
Score Distribution
Percent of People with Each Score
Percentile by Number Answered
Your Score History
You have not taken this quiz